| 000 | 00626 a2200193 4500 | ||
|---|---|---|---|
| 999 |
_c8973 _d8973 |
||
| 020 | _a9780409019902 | ||
| 050 | _aKTL 1114 CIL 1993 | ||
| 100 |
_aCilliers, H.S. _eauthor |
||
| 245 |
_aClose corporations : _ba comprehensive guide / _cH.S. Cilliers, M.L Benade...[et al] |
||
| 250 | _a2nd ed. | ||
| 264 |
_aDurban : _bButterworths, _c1993 |
||
| 300 |
_a280p.: _bill. |
||
| 500 | _aIncludes bibliographical references and index | ||
| 650 | _aCorporations of law practises | ||
| 700 |
_aBenade, M.L _eauthor |
||
| 700 |
_aHenning, J.J. _eauthor |
||
| 700 |
_aDu Plessis, J.J _eauthor |
||
| 942 |
_2lcc _cBK _e2nd ed. _h1114 _iCIL _kKTL |
||